00310pab a2200133 454500008004000000100002100040245003200061260000900093300001300102362001200115650001400127650001400141773002100155180718b2009 xxu||||| |||| 00| 0 eng d aPatnaik, Prabhat aSocialism and the peasantry c2009 ap.22-33. aNov-Dec aPeasantry aSocialism aSocial Scientist